000
00331nam a2200133Ia 4500
008
090124s9999 xx 000 0 und d
082
_b
200612
245
_a
THE STORY OF OUR RIVERS
250
_a
0
260
_b
MAJUMDAR LILA
_c
1970
630
_a
THE STORY OF OUR RIVERS
730
_a
THE STORY OF OUR RIVERS
942
_c
BOOK
999
_c
182180
_d
182180